War in the desert; an R. A. F. frontier campaign / (Record no. 184621)
[ view plain ]
| 000 -LEADER | |
|---|---|
| fixed length control field | 01195 a2200193 4500 |
| 003 - CONTROL NUMBER IDENTIFIER | |
| control field | Nust |
| 005 - DATE AND TIME OF LATEST TRANSACTION | |
| control field | 20221226133841.0 |
| 010 ## - LIBRARY OF CONGRESS CONTROL NUMBER | |
| LC control number | 61000123 |
| 040 ## - CATALOGING SOURCE | |
| Transcribing agency | Nust |
| 082 ## - DEWEY DECIMAL CLASSIFICATION NUMBER | |
| Classification number | 355,GLU |
| 100 ## - MAIN ENTRY--PERSONAL NAME | |
| Personal name | Glubb, John Bagot, Sir, |
| 9 (RLIN) | 105959 |
| 245 ## - TITLE STATEMENT | |
| Title | War in the desert; an R. A. F. frontier campaign / |
| Statement of responsibility, etc. | Sir John Bagot Glubb |
| 260 ## - PUBLICATION, DISTRIBUTION, ETC. | |
| Place of publication, distribution, etc. | Hodder and Stoughton |
| Name of publisher, distributor, etc. | London, |
| Date of publication, distribution, etc. | 1960 |
| 300 ## - PHYSICAL DESCRIPTION | |
| Extent | 352 p. |
| Other physical details | illus |
| Dimensions | 23 cm |
| 505 ## - FORMATTED CONTENTS NOTE | |
| Formatted contents note | Dramatis Personae (Page-19), The Rise, Decline and Revival of the Wahhabis (Page-39), Sadoon and Suwait (Page-67), First Step in the Desert (Page-81), The Ikhwan Refugees (Page-97), Gift Hollow (Page-111), A Happy Christmas (Page-121), Winter at Abu Ghar (Page-133), Sorties in the Stony Desert (Page-155), The Year of the Tent (Page-175), Busaiya (Page-189), The Conference at Jidda (Page-207), Hors d’Oeuvre (Page-223), Couch and Hobble (Page-243), From Jumaima to the Mother of Guns (Page-259), The Day of Sibilla (Page-279), Summer Holidays (Page-297), The Tables Turned (Page-309), Unconditional Surrender (Page-327). |
| 600 ## - SUBJECT ADDED ENTRY--PERSONAL NAME | |
| Personal name | Glubb, John Bagot, Sir, |
| 9 (RLIN) | 105959 |
| 650 ## - SUBJECT ADDED ENTRY--TOPICAL TERM | |
| Topical term or geographic name entry element | War in the desert; an R. A. F. frontier campaign |
| 9 (RLIN) | 105960 |
| 942 ## - ADDED ENTRY ELEMENTS (KOHA) | |
| Source of classification or shelving scheme | |
| Koha item type | Book |
| Call number prefix | 355,GLU |
| Withdrawn status | Lost status | Source of classification or shelving scheme | Damaged status | Not for loan | Permanent Location | Current Location | Shelving location | Date acquired | Full call number | Barcode | Date last seen | Price effective from | Koha item type | Public note |
|---|---|---|---|---|---|---|---|---|---|---|---|---|---|---|
| Military College of Signals (MCS) | Military College of Signals (MCS) | General Stacks | 12/12/2016 | 355,GLU | MCS29354 | 12/08/2016 | 12/12/2016 | Book | Almirah No.51, Shelf No.1 |
